000 00770nam a22002417a 4500
999 _c170001
_d170001
005 20191210110736.0
010 _aENG-127040
020 _c595.00
_a9789353940522
035 _aEN-110572
037 _bDBAD/PUB
082 _a621.351
100 _aAnnadurai, S.
245 _aElectronics devices electrical circuits /
_cby S.Annadurai ...[et al]
260 _aNoida
_bPearson India Education
_c2020
270 _a15th Floor, Tower-B, World Trade Tower, Plot No.1, Block-C, Sector 16
_bNoida, Uttar Pradesh
_e201301
_k044-66540100
300 _aVarious paging
_c23cm(pbk)
500 _aIncludes index
700 _aAnnadurai, S
700 _aRajeswari, P
700 _aGeeta, P.
700 _aNiveththa, T.
942 _2ddc
_cEN
_h621.381
_mELE